<?xml version="1.0" encoding="UTF-8"?>
<record
    xmlns:xsi="http://www.w3.org/2001/XMLSchema-instance"
    xsi:schemaLocation="http://www.loc.gov/MARC21/slim http://www.loc.gov/standards/marcxml/schema/MARC21slim.xsd"
    xmlns="http://www.loc.gov/MARC21/slim">

  <leader>01807nam a22002057a 4500</leader>
  <controlfield tag="005">20250409153629.0</controlfield>
  <controlfield tag="008">250225b           ||||| |||| 00| 0 eng d</controlfield>
  <datafield tag="020" ind1=" " ind2=" ">
    <subfield code="a">9780349436326</subfield>
  </datafield>
  <datafield tag="040" ind1=" " ind2=" ">
    <subfield code="c">AL</subfield>
  </datafield>
  <datafield tag="041" ind1=" " ind2=" ">
    <subfield code="a">eng</subfield>
  </datafield>
  <datafield tag="082" ind1=" " ind2=" ">
    <subfield code="2">23</subfield>
    <subfield code="a">813.6</subfield>
    <subfield code="b">HUAK</subfield>
  </datafield>
  <datafield tag="100" ind1=" " ind2=" ">
    <subfield code="a">Ana, Huang</subfield>
    <subfield code="9">202536</subfield>
  </datafield>
  <datafield tag="245" ind1=" " ind2=" ">
    <subfield code="a">King of wrath</subfield>
  </datafield>
  <datafield tag="260" ind1=" " ind2=" ">
    <subfield code="a">London</subfield>
    <subfield code="b">Piatkus</subfield>
    <subfield code="c">2022</subfield>
  </datafield>
  <datafield tag="300" ind1=" " ind2=" ">
    <subfield code="a">383p.</subfield>
    <subfield code="b">HB</subfield>
    <subfield code="c">20x12cm.</subfield>
  </datafield>
  <datafield tag="365" ind1=" " ind2=" ">
    <subfield code="2">General</subfield>
    <subfield code="a">6693</subfield>
    <subfield code="b">&#x20B9;479.20</subfield>
    <subfield code="c">&#x20B9;</subfield>
    <subfield code="d">&#x20B9;599.00</subfield>
    <subfield code="e">20%</subfield>
    <subfield code="f">18/02/2025</subfield>
  </datafield>
  <datafield tag="520" ind1=" " ind2=" ">
    <subfield code="a">She&#x2019;s the wife he never wanted&#x2026;and the weakness he never saw coming. Ruthless. Meticulous. Arrogant. Dante Russo thrives on control, both personally and professionally. The billionaire CEO never planned to marry&#x2014;until the threat of blackmail forces him into an engagement with a woman he barely knows. Vivian Lau, jewelry heiress and daughter of his newest enemy. It doesn&#x2019;t matter how beautiful or charming she is. He'll do everything in his power to destroy the evidence and their betrothal. There&#x2019;s only one problem: now that he has her...he can't bring himself to let her go. Elegant. Ambitious. Well-mannered. Vivian Lau is the perfect daughter and her family&#x2019;s ticket into the highest echelons of high society. Marrying a blue-blooded Russo means opening doors that would otherwise remain closed to her new-money family. While the rude, elusive Dante isn't her idea of a dream partner, she agrees to their arranged marriage out of duty. Craving his touch was never part of the plan. Neither was the worst thing she could possibly do: fall in love with her future husband. King of Wrath is a steamy billionaire/arranged marriage romance. It contains explicit sexual content, profanity, and mild violence. Recommended for mature readers only.</subfield>
  </datafield>
  <datafield tag="650" ind1=" " ind2=" ">
    <subfield code="2">American English&#x2009;</subfield>
    <subfield code="a"> fiction </subfield>
    <subfield code="9">202537</subfield>
  </datafield>
  <datafield tag="942" ind1=" " ind2=" ">
    <subfield code="2">ddc</subfield>
    <subfield code="c">BK</subfield>
  </datafield>
  <datafield tag="999" ind1=" " ind2=" ">
    <subfield code="c">233896</subfield>
    <subfield code="d">233896</subfield>
  </datafield>
  <datafield tag="952" ind1=" " ind2=" ">
    <subfield code="0">0</subfield>
    <subfield code="1">0</subfield>
    <subfield code="2">ddc</subfield>
    <subfield code="4">0</subfield>
    <subfield code="7">0</subfield>
    <subfield code="8">MAENG</subfield>
    <subfield code="a">SACPG</subfield>
    <subfield code="b">SACPG</subfield>
    <subfield code="d">2025-02-19</subfield>
    <subfield code="e">Biblios Book Point</subfield>
    <subfield code="g">479.20</subfield>
    <subfield code="l">14</subfield>
    <subfield code="m">3</subfield>
    <subfield code="o">813.6 HUAK</subfield>
    <subfield code="p">PG024968</subfield>
    <subfield code="r">2026-04-13 12:44:33</subfield>
    <subfield code="s">2026-01-22</subfield>
    <subfield code="v">599.00</subfield>
    <subfield code="w">2025-02-25</subfield>
    <subfield code="y">BK</subfield>
  </datafield>
</record>
